C# 2005 Tập 5 Lập trình ASP.NET 2.0 Quyển 4: Đối tượng ADO.NET 2.0 và XML

Giới thiệu những kiến thức trọng yếu từ cơ bản đến nâng cao liên quan cách xây dựng cơ sở dữ liệu MS SQL Server, cách đọc dữ liệu từ đối tượng Cache để tránh kết nối cơ sở dữ liệu nhiều lần, ASP.NET 2.0 và XML....

ver descrição completa

Na minha lista:
Detalhes bibliográficos
Autor principal: Phạm Hữu Khang (Chủ biên)
Formato: Livro
Idioma:Vietnamese
Publicado em: H. Lao động xã hội 2007
Assuntos:
Tags: Adicionar Tag
Sem tags, seja o primeiro a adicionar uma tag!
Thư viện lưu trữ: Thư viện Trường Đại học Nam Cần Thơ
LEADER 01520nam a22002177a 4500
001 NCT_46759
008 180713b xxu||||| |||| 00| 0 vie d
999 |c 2238  |d 2238 
020 |c 79000 
082 0 4 |2 23rd ed.  |a 005.133  |b Kh106/T.5-Q.4 
100 1 |a Phạm Hữu Khang  |e Chủ biên 
245 1 0 |a C# 2005  |n Tập 5  |p Lập trình ASP.NET 2.0 Quyển 4: Đối tượng ADO.NET 2.0 và XML  |c Phạm Hữu Khang (chủ biên) 
260 |a H.  |b Lao động xã hội  |c 2007 
300 |a 347 tr.  |c 24 cm  |b Minh họa 
520 3 |a Giới thiệu những kiến thức trọng yếu từ cơ bản đến nâng cao liên quan cách xây dựng cơ sở dữ liệu MS SQL Server, cách đọc dữ liệu từ đối tượng Cache để tránh kết nối cơ sở dữ liệu nhiều lần, ASP.NET 2.0 và XML. 
653 |a Công nghệ thông tin 
942 |2 ddc  |c BK 
952 |0 0  |1 0  |2 ddc  |4 0  |6 005_133000000000000_KH106_T_5Q_4  |7 0  |9 12770  |a 000001  |b 000001  |d 2018-07-13  |o 005.133 Kh106/T.5-Q.4  |p MD.02304  |r 2018-07-13  |v 79000.00  |w 2018-07-13  |y BK 
952 |0 0  |1 0  |2 ddc  |4 0  |6 005_133000000000000_KH106_T_5Q_4  |7 0  |9 12771  |a 000001  |b 000001  |d 2018-07-13  |o 005.133 Kh106/T.5-Q.4  |p MD.02301  |r 2018-07-13  |v 79000.00  |w 2018-07-13  |y BK 
952 |0 0  |1 0  |2 ddc  |4 0  |6 005_133000000000000_KH106_T_5Q_4  |7 0  |9 12772  |a 000001  |b 000001  |d 2018-07-13  |o 005.133 Kh106/T.5-Q.4  |p MD.02299  |r 2018-07-13  |v 79000.00  |w 2018-07-13  |y BK 
980 |a Thư viện Trường Đại học Nam Cần Thơ